| 000 | 00520nam a2200181 a 4500 | ||
|---|---|---|---|
| 001 | 000011144 | ||
| 005 | 20240412074223.0 | ||
| 008 | 091014s1958 dr 001 p spa d | ||
| 040 |
_aDO-SdBNP _bspa _cBNPHU |
||
| 082 |
_aRD861.44 _bP438r |
||
| 100 | 1 |
_aPérez Ortiz, R. _92442 |
|
| 245 | 1 | 0 |
_aReflejos / _cR. Pérez Ortiz. |
| 260 |
_aCiudad Trujilo, República Dominicana : _b[s.n.], _c1958. |
||
| 300 |
_a171 p. ; _c23 cm. |
||
| 650 | 0 |
_aPoesía dominicana _966 |
|
| 650 | 0 |
_aLiteratura dominicana. _967 |
|
| 049 | _aBNPD | ||
| 999 |
_c10869 _d10869 |
||